University Home | Library Home | Institutional Repository

The Urantia Book/ (Record no. 111310)

MARC details
000 -LEADER
fixed length control field 00485cam a2200181 4500
008 - FIXED-LENGTH DATA ELEMENTS--GENERAL INFORMATION
fixed length control field 090526n 000 0 eng u
020 ## - INTERNATIONAL STANDARD BOOK NUMBER
International Standard Book Number 0911560025
035 ## - SYSTEM CONTROL NUMBER
System control number (Sirsi) a165572
040 ## - CATALOGING SOURCE
Original cataloging agency CIP
050 ## - LIBRARY OF CONGRESS CALL NUMBER
Classification number BP 605 URA 1955
110 ## - MAIN ENTRY--CORPORATE NAME
Corporate name or jurisdiction name as entry element Urantia Foundation
245 ## - TITLE STATEMENT
Title The Urantia Book/
Statement of responsibility, etc. Urantia Foundation
250 ## - EDITION STATEMENT
Edition statement 4th edition
260 ## - PUBLICATION, DISTRIBUTION, ETC.
Place of publication, distribution, etc. Chicago,USA:
Name of publisher, distributor, etc. Urantia Foundation,
Date of publication, distribution, etc. 1955
300 ## - PHYSICAL DESCRIPTION
Extent lxvi, 2097p.
500 ## - GENERAL NOTE
General note Notes contact details
650 ## - SUBJECT ADDED ENTRY--TOPICAL TERM
Topical term or geographic name entry element Urantia

No items available.

© 2026 - The University of Zambia Library - Koha v25.11